Z Programového vyhlásenia vlády SR

Základné ciele vlády v oblasti sociálnej politiky, schválené v Programovom vyhlásení vlády SR, dňa 19.11.1998.

Salvato in:
Dettagli Bibliografici
Natura: Capitolo di libro
Lingua:slovacco
Soggetti:
Tags: Aggiungi Tag
Nessun Tag, puoi essere il primo ad aggiungerne!!

MARC

LEADER 00000naa a2200000 4500
001 r034296
005 20230807090839.9
041 0 |a slo 
044 |a SK 
245 1 0 |a Z Programového vyhlásenia vlády SR 
520 |a Základné ciele vlády v oblasti sociálnej politiky, schválené v Programovom vyhlásení vlády SR, dňa 19.11.1998. 
610 2 0 |a politika sociálna 
610 2 0 |a programy vládne 
610 2 0 |a reformy sociálne 
610 2 0 |a minimum existenčné 
610 2 0 |a zákonník práce 
610 2 0 |a programy sociálne 
610 2 0 |a Slovensko